000 00317nam a22001337a 4500
020 _a978-0-19-806111-3
082 _a338.5
100 _aDamodaran, Suma
245 _aManagerial Economics
250 _a2nd
260 _aNew Delhi:
_bOxford University Press,
_c2010
300 _axvi, 591p.: ill.; 24cm
942 _cBK
999 _c22175
_d22175